[Event "Wil Acrevis op 1st"]
[Site "Wil"]
[Date "2020.06.21"]
[Round "5"]
[White "Schmidbauer, Frank"]
[Black "Milovanovic, Milos"]
[Result "1/2-1/2"]
[WhiteElo "2048"]
[BlackElo "1974"]
[PlyCount "86"]
[EventDate "2020.06.19"]
[EventType "swiss"]
[EventRounds "5"]
[EventCountry "SUI"]
[SourceTitle "CBM 197 Extra"]
[Source "ChessBase"]
[SourceDate "2020.09.30"]
[SourceVersion "1"]
[SourceVersionDate "2020.09.30"]
[SourceQuality "1"]

1. Nf3 d5 2. g3 c6 3. Bg2 Bf5 4. c4 dxc4 5. Na3 Qd5 6. b3 cxb3 7. axb3 Nf6 8. Nc4 Qd8 9. d3 e6 10. 0-0 Be7 11. Be3 Na6 12. Nd4 Nb4 13. Nxf5 exf5 14. Bxa7 0-0 15. Bb6 Rxa1 16. Qxa1 Qd7 17. Qa7 Nfd5 18. Bd4 Rd8 19. Nb6 Nxb6 20. Bxb6 Re8 21. Bc5 Bxc5 22. Qxc5 Qe7 23. Qxe7 Rxe7 24. Ra1 g6 25. Kf1 Re5 26. d4 Rb5 27. e3 Kf8 28. Ke2 Ke7 29. Kd2 h5 30. h4 Kd6 31. Bf1 Rb6 32. Bc4 Nd5 33. Ra8 Ke7 34. f3 Rb4 35. Kd3 Nb6 36. Ra7 Nxc4 37. Kc3 Rb5 38. Kxc4 Kd6 39. b4 Ke6 40. e4 fxe4 41. fxe4 Rb6 42. Kc5 Rb5+ 43. Kc4 Rb6 1/2-1/2

[Event "Burgdorf op 19th"]
[Site "Burgdorf"]
[Date "2020.02.16"]
[Round "4"]
[White "Milovanovic, Milos"]
[Black "Thybo, Jesper Sondergaard"]
[Result "0-1"]
[WhiteElo "1972"]
[BlackElo "2592"]
[PlyCount "78"]
[EventDate "2020.02.14"]
[EventType "swiss"]
[EventRounds "5"]
[EventCountry "SUI"]
[SourceTitle "CBM 194 Extra"]
[Source "ChessBase"]
[SourceDate "2020.03.31"]
[SourceVersion "1"]
[SourceVersionDate "2020.03.31"]
[SourceQuality "1"]

1. e4 c5 2. Nf3 d6 3. d4 cxd4 4. Nxd4 Nf6 5. Nc3 Nc6 6. Bg5 e6 7. Qd2 a6 8. 0-0-0 Bd7 9. f4 Be7 10. Nf3 b5 11. Bxf6 gxf6 12. Kb1 Qb6 13. f5 0-0-0 14. Ne2 Kb8 15. Nf4 Bc8 16. Bd3 Ne5 17. Qe2 Rhe8 18. c3 d5 19. fxe6 fxe6 20. exd5 Nxd3 21. Rxd3 e5 22. Ne6 Bxe6 23. dxe6 Qxe6 24. Rxd8+ Bxd8 25. Re1 Bc7 26. Nd4 Qd5 27. Qe4 Qxe4+ 28. Rxe4 Rg8 29. Ne6 Rxg2 30. Rh4 Bb6 31. Rxh7 e4 32. Nf4 Rf2 33. Nd5 Bc5 34. b4 Bd6 35. h4 Rd2 36. Ne3 Bf4 37. Nc2 e3 38. Re7 e2 39. h5 Be5 0-1

[Event "Zuerich op-B 41st"]
[Site "Zuerich"]
[Date "2017.12.29"]
[Round "5"]
[White "Altok, Mesut"]
[Black "Milovanovic, Milos"]
[Result "0-1"]
[WhiteElo "1917"]
[BlackElo "1854"]
[PlyCount "52"]
[EventDate "2017.12.26"]
[EventType "swiss"]
[EventRounds "7"]
[EventCountry "SUI"]
[SourceTitle "CBM 182 Extra"]
[Source "ChessBase"]
[SourceDate "2018.02.23"]
[SourceVersion "1"]
[SourceVersionDate "2018.02.23"]
[SourceQuality "1"]

1. e4 c5 2. Nf3 d6 3. c3 Nf6 4. Qc2 Qc7 5. Be2 g6 6. a4 b6 7. Na3 Bb7 8. d3 Bg7 9. Bf4 Nbd7 10. h3 a6 11. 0-0 0-0 12. Qd2 Bc6 13. Qc2 Qb7 14. Nc4 Rad8 15. Rfe1 Rfe8 16. Bf1 Nh5 17. Bxd6 exd6 18. Nxd6 Qa8 19. Nxf7 Kxf7 20. Qb3+ Ke7 21. Ng5 Nf8 22. Qf7+ Kd6 23. e5+ Bxe5 24. d4 cxd4 25. cxd4 Bf6 26. Nxh7 Bd5 0-1

[Event "Zuerich op-B 39th"]
[Site "Zuerich"]
[Date "2015.12.29"]
[Round "5"]
[White "Marty, Fridolin"]
[Black "Milovanovic, Milos"]
[Result "1-0"]
[WhiteElo "2027"]
[BlackElo "1779"]
[PlyCount "71"]
[EventDate "2015.12.26"]
[EventType "swiss"]
[EventRounds "7"]
[EventCountry "SUI"]
[SourceTitle "CBM 170 Extra"]
[Source "ChessBase"]
[SourceDate "2016.02.25"]
[SourceVersion "1"]
[SourceVersionDate "2016.02.25"]
[SourceQuality "1"]

1. e4 c5 2. Nf3 d6 3. d4 cxd4 4. Nxd4 Nf6 5. Nc3 a6 6. Bg5 e6 7. Qe2 Be7 8. f4 h6 9. Bxf6 Bxf6 10. 0-0-0 Qc7 11. g3 Nc6 12. Nxc6 Qxc6 13. Nd5 Bd8 14. Bg2 0-0 15. Ne3 Bd7 16. Nc4 Be7 17. Nxd6 Bxd6 18. e5 Qa4 19. Rxd6 Bb5 20. Qe3 Qxa2 21. Qd4 Bc6 22. Bxc6 bxc6 23. Kd2 c5 24. Qc3 c4 25. Ke3 Rfc8 26. Rhd1 Rab8 27. Qa3 Rxb2 28. Rd8+ Rxd8 29. Rxd8+ Kh7 30. Qf8 Rxc2 31. Qg8+ Kg6 32. f5+ Kh5 33. Qxf7+ Kg4 34. Rd4+ Kh3 35. Qh5+ Kg2 36. Qf3+ 1-0